Welcome to the Holygrace Academy Library

Please use search bar below to get started

CHEMISTRY RANK BOOSTER (Record no. 971)

MARC details
000 -LEADER
fixed length control field 00304nam a22001217a 4500
082 ## - DEWEY DECIMAL CLASSIFICATION NUMBER
Classification number 540
Item number RES/C
100 ## - MAIN ENTRY--AUTHOR NAME
Personal name RESONANCE
245 ## - TITLE STATEMENT
Title CHEMISTRY RANK BOOSTER
Remainder of title CLASS XI & XII
260 ## - PUBLICATION, DISTRIBUTION, ETC. (IMPRINT)
Place of publication KOTA
Name of publisher RESONANCE EDUVENTURES
Year of publication 2018
300 ## - PHYSICAL DESCRIPTION
Number of Pages 324
650 ## - SUBJECT ADDED ENTRY--TOPICAL TERM
Topical Term NEET CHEMISTRY ENTRANCE COACHING
Geographic subdivision INDIA
942 ## - ADDED ENTRY ELEMENTS (KOHA)
Koha item type Books
Holdings
Withdrawn status Lost status Collection code Home library Current library Shelving location Date acquired Source of acquisition Full call number Accession Number Koha item type
    Reference Main Library Main Library SHELF-9 C XII CHEMISTRY 19/06/2023 purchase 540 RES/C 12771 Books